[Event "XVII Orsha-2019 Open"]
[Site "Orsha"]
[Date "2019.01.18"]
[Round "2"]
[White "Kirilin, Dmitrij"]
[Black "Lazavik, Denis"]
[Result "0-1"]
[WhiteElo "2074"]
[BlackElo "2296"]
[Annotator "NA"]
[PlyCount "150"]
[EventDate "2019.01.18"]
[EventType "swiss"]
[EventCountry "BLR"]
[SourceTitle "playchess.com"]
[Source "ChessBase"]
[SourceQuality "1"]
[TimeControl "5400+30"]

1. d4 {[%emt 0:00:00]} d5 {[%emt 0:00:00]} 2. c4 {[%emt 0:00:00]} c6 {[%emt 0:00:12]} 3. Nf3 {[%emt 0:00:06]} Nf6 {[%emt 0:00:30]} 4. e3 {[%emt 0:01:33]} Bf5 {[%emt 0:01:13]} 5. Nc3 {[%emt 0:00:19]} e6 {[%emt 0:00:35]} 6. Nh4 {[%emt 0:00:18]} Bg6 {[%emt 0:01:08]} 7. Nxg6 {[%emt 0:00:36]} hxg6 {[%emt 0:00:13]} 8. a3 {[%emt 0:01:03]} Nbd7 {[%emt 0:04:55]} 9. b3 {[%emt 0:06:03]} Bd6 {[%emt 0:03:36]} 10. h3 {[%emt 0:00:12]} Qe7 {[%emt 0:02:05]} 11. Bb2 {[%emt 0:00:36]} O-O {[%emt 0:01:33]} 12. Be2 {[%emt 0:00:25]} dxc4 {[%emt 0:06:22]} 13. Bxc4 {[%emt 0:01:52]} e5 {[%emt 0:01:40]} 14. O-O {[%emt 0:08:48]} Nb6 {[%emt 0:01:16]} 15. Be2 {[%emt 0:02:32]} Rad8 {[%emt 0:03:09]} 16. Na4 {[%emt 0:11:14]} Nxa4 {[%emt 0:02:01]} 17. bxa4 {[%emt 0:00:10]} exd4 {[%emt 0:00:07]} 18. exd4 {[%emt 0:03:40]} Bc7 {[%emt 0:01:50]} 19. Qc2 {[%emt 0:01:43]} Rfe8 {[%emt 0:03:08]} 20. Bf3 {[%emt 0:02:04]} Nd5 {[%emt 0:01:37]} 21. g3 {[%emt 0:02:04]} Bb6 {[%emt 0:03:12]} 22. Rfe1 {[%emt 0:04:08]} Qxe1+ {[%emt 0:02:02]} 23. Rxe1 {[%emt 0:00:01]} Rxe1+ {[%emt 0:00:09]} 24. Kg2 {[%emt 0:00:15]} Nf6 {[%emt 0:01:17]} 25. Qd2 {[%emt 0:06:00]} Re6 {[%emt 0:02:09]} 26. Qb4 {[%emt 0:03:36]} Nd5 {[%emt 0:00:25]} 27. Qb3 {[%emt 0:09:11]} Re7 {[%emt 0:00:36]} 28. h4 {[%emt 0:01:15]} Red7 {[%emt 0:06:51]} 29. Bg4 {[%emt 0:00:56]} Rc7 {[%emt 0:00:45]} 30. Bf3 {[%emt 0:01:11]} Ne7 {[%emt 0:01:46]} 31. Bc1 {[%emt 0:05:06]} Nf5 {[%emt 0:10:15]} 32. Bf4 {[%emt 0:03:06]} Rcd7 {[%emt 0:00:44]} 33. Be4 {[%emt 0:13:58]} Nxd4 {[%emt 0:01:30]} 34. Qc4 {[%emt 0:03:26]} Ne6 {[%emt 0:00:23]} 35. Bc1 {[%emt 0:00:16]} Rd4 {[%emt 0:01:06]} 36. Qe2 {[%emt 0:00:27]} Re8 {[%emt 0:00:32]} 37. Qc2 {[%emt 0:02:13]} Nf4+ {[%emt 0:00:15]} 38. Bxf4 {[%emt 0:00:02]} Rdxe4 {[%emt 0:00:07]} 39. Kf3 {[%emt 0:01:02]} Re2 {[%emt 0:00:28]} 40. Qxe2 {[%emt 0:00:12]} Rxe2 41. Kxe2 {[%emt 0:00:01]} f6 {[%emt 0:00:21]} 42. f3 {[%emt 0:01:18]} Kf7 {[%emt 0:00:13]} 43. g4 {[%emt 0:00:15]} Ke6 {[%emt 0:00:21]} 44. Kd3 {[%emt 0:00:21]} Bc5 {[%emt 0:00:42]} 45. Bc1 {[%emt 0:00:08]} Kd5 {[%emt 0:00:09]} 46. h5 {[%emt 0:00:48]} gxh5 {[%emt 0:00:18]} 47. gxh5 {[%emt 0:00:01]} Bd6 {[%emt 0:00:22]} 48. Bb2 {[%emt 0:00:59]} c5 {[%emt 0:00:16]} 49. Bc1 {[%emt 0:00:03]} Be5 {[%emt 0:01:24]} 50. Kc2 {[%emt 0:00:20]} c4 {[%emt 0:00:31]} 51. h6 {[%emt 0:00:28]} gxh6 {[%emt 0:00:06]} 52. Bxh6 {[%emt 0:00:01]} Kc5 {[%emt 0:00:26]} 53. Bf8+ {[%emt 0:01:09]} Kd5 {[%emt 0:00:11]} 54. Bh6 {[%emt 0:00:15]} Bd4 {[%emt 0:00:36]} 55. Bf4 {[%emt 0:01:07]} Ke6 {[%emt 0:00:15]} 56. Bd2 {[%emt 0:01:03]} Ke5 {[%emt 0:01:54]} 57. Bh6 {[%emt 0:00:24]} Kf5 {[%emt 0:00:43]} 58. Bd2 {[%emt 0:00:14]} Be5 {[%emt 0:00:18]} 59. Be3 {[%emt 0:00:53]} a6 {[%emt 0:00:04]} 60. Bd2 {[%emt 0:01:09]} Ke6 {[%emt 0:00:43]} 61. Be3 {[%emt 0:00:16]} Kd5 {[%emt 0:00:45]} 62. Bh6 {[%emt 0:00:43]} f5 {[%emt 0:00:45]} 63. Bc1 {[%emt 0:00:56]} Bd6 {[%emt 0:00:43]} 64. Kc3 {[%emt 0:00:11]} Be7 {[%emt 0:00:13]} 65. Kc2 {[%emt 0:00:25]} Kd4 {[%emt 0:00:07]} 66. Bb2+ {[%emt 0:00:45]} Ke3 {[%emt 0:00:06]} 67. Bc1+ {[%emt 0:00:12]} Kxf3 {[%emt 0:00:25]} 68. Kc3 {[%emt 0:00:11]} Ke4 {[%emt 0:00:48]} 69. Kxc4 {[%emt 0:02:05]} f4 {[%emt 0:00:06]} 70. Bb2 {[%emt 0:03:45]} f3 {[%emt 0:00:13]} 71. Bd4 {[%emt 0:00:05]} Bxa3 {[%emt 0:00:21]} 72. Bf2 {[%emt 0:01:54]} Bc1 {[%emt 0:00:04]} 73. Bc5 {[%emt 0:00:45]} Be3 {[%emt 0:00:14]} 74. Kb4 {[%emt 0:00:02]} Bxc5+ {[%emt 0:00:14]} 75. Ka5 {[%emt 0:00:01]} b5 {[%emt 0:00:14]} 0-1

[Event "XVII Orsha-2019 Open"]
[Site "Orsha"]
[Date "2019.01.18"]
[Round "2"]
[White "Khobotova, Olesia"]
[Black "Aliakbarov, Anar"]
[Result "1/2-1/2"]
[WhiteElo "1978"]
[BlackElo "2282"]
[Annotator "NA"]
[PlyCount "118"]
[EventDate "2019.01.18"]
[EventType "swiss"]
[EventCountry "BLR"]
[SourceTitle "playchess.com"]
[Source "ChessBase"]
[SourceQuality "1"]
[TimeControl "5400+30"]

1. e4 {[%emt 0:02:37]} e5 {[%emt 0:01:24]} 2. Nf3 {[%emt 0:00:09]} Nc6 {[%emt 0:00:12]} 3. Bb5 {[%emt 0:00:10]} a6 {[%emt 0:00:05]} 4. Bxc6 {[%emt 0:00:12]} dxc6 {[%emt 0:00:07]} 5. O-O {[%emt 0:00:07]} f6 {[%emt 0:02:02]} 6. d4 {[%emt 0:00:37]} exd4 {[%emt 0:00:21]} 7. Qxd4 {[%emt 0:01:35]} Qxd4 {[%emt 0:00:33]} 8. Nxd4 {[%emt 0:00:07]} Bd7 {[%emt 0:02:04]} 9. Nc3 {[%emt 0:04:01]} O-O-O {[%emt 0:00:21]} 10. Be3 {[%emt 0:01:14]} g6 {[%emt 0:02:17]} 11. Rad1 {[%emt 0:01:41]} Nh6 {[%emt 0:03:56]} 12. f3 {[%emt 0:02:39]} Re8 {[%emt 0:02:53]} 13. a3 {[%emt 0:10:15]} Nf7 {[%emt 0:11:09]} 14. Nb3 {[%emt 0:09:46]} b6 {[%emt 0:01:17]} 15. Bd4 {[%emt 0:02:08]} Bg7 {[%emt 0:00:58]} 16. Nc1 {[%emt 0:04:09]} c5 {[%emt 0:04:56]} 17. Bf2 {[%emt 0:01:16]} f5 {[%emt 0:01:10]} 18. exf5 {[%emt 0:11:13]} Bxf5 {[%emt 0:01:37]} 19. Nd3 {[%emt 0:00:52]} Rd8 {[%emt 0:18:12]} 20. Rfe1 {[%emt 0:19:12]} Bxd3 {[%emt 0:07:01]} 21. Rxd3 {[%emt 0:04:23]} Rxd3 {[%emt 0:00:08]} 22. cxd3 {[%emt 0:02:12]} Rd8 {[%emt 0:08:59]} 23. Re7 Bxc3 24. bxc3 {[%emt 0:04:25]} Rxd3 {[%emt 0:03:07]} 25. Bxc5 {[%emt 0:08:53]} Rxc3 {[%emt 0:03:48]} 26. Bb4 {[%emt 0:04:46]} Rc1+ {[%emt 0:00:15]} 27. Kf2 {[%emt 0:00:03]} Nd8 {[%emt 0:00:41]} 28. Rxh7 {[%emt 0:00:21]} Rc2+ {[%emt 0:01:23]} 29. Kg3 {[%emt 0:00:52]} c5 {[%emt 0:01:01]} 30. Be1 {[%emt 0:00:10]} Nc6 {[%emt 0:01:54]} 31. h4 {[%emt 0:02:17]} b5 {[%emt 0:03:01]} 32. Rg7 {[%emt 0:00:43]} Ne5 {[%emt 0:00:27]} 33. Kh3 {[%emt 0:00:12]} Rc1 {[%emt 0:00:41]} 34. Bf2 {[%emt 0:01:56]} a5 {[%emt 0:03:14]} 35. Be3 {[%emt 0:00:45]} Rh1+ {[%emt 0:01:58]} 36. Kg3 {[%emt 0:00:06]} c4 {[%emt 0:00:13]} 37. Bd4 {[%emt 0:00:35]} Nc6 {[%emt 0:00:53]} 38. Bb6 {[%emt 0:00:20]} Kb8 {[%emt 0:00:46]} 39. Rc7 {[%emt 0:00:47]} Nd4 {[%emt 0:03:14]} 40. Bxa5 {[%emt 0:00:46]} Ra1 {[%emt 0:00:17]} 41. Rd7 {[%emt 0:01:03]} Nf5+ {[%emt 0:00:20]} 42. Kg4 {[%emt 0:00:23]} Rxa3 {[%emt 0:00:13]} 43. Bd2 {[%emt 0:00:43]} c3 {[%emt 0:05:17]} 44. Bf4+ {[%emt 0:00:29]} Kc8 {[%emt 0:00:03]} 45. Rc7+ {[%emt 0:00:22]} Kd8 {[%emt 0:00:03]} 46. h5 {[%emt 0:00:42]} Ne3+ {[%emt 0:00:24]} 47. Kg3 {[%emt 0:00:37]} g5 {[%emt 0:02:22]} 48. Be5 {[%emt 0:00:30]} Nc4 {[%emt 0:01:10]} 49. Rc5 {[%emt 0:00:31]} Nxe5 {[%emt 0:04:38]} 50. Rxe5 {[%emt 0:00:02]} b4 {[%emt 0:00:10]} 51. Rc5 {[%emt 0:00:51]} Ra6 {[%emt 0:00:20]} 52. Rc4 {[%emt 0:00:32]} Rb6 {[%emt 0:00:05]} 53. h6 {[%emt 0:00:14]} Rxh6 {[%emt 0:01:32]} 54. Rxb4 {[%emt 0:00:01]} Rc6 {[%emt 0:01:05]} 55. Rb1 {[%emt 0:00:02]} c2 {[%emt 0:00:36]} 56. Rc1 {[%emt 0:00:01]} Ke7 {[%emt 0:00:02]} 57. f4 {[%emt 0:01:31]} gxf4+ {[%emt 0:01:01]} 58. Kxf4 {[%emt 0:00:02]} Kf6 {[%emt 0:00:08]} 59. Ke3 {[%emt 0:00:46]} Ke5 {Ke4+} 1/2-1/2

[Event "XVII Orsha-2019 Open"]
[Site "Orsha"]
[Date "2019.01.18"]
[Round "2.11"]
[White "Spizharny, Mikhail"]
[Black "Afonasieva, Anna"]
[Result "1/2-1/2"]
[WhiteElo "1923"]
[BlackElo "2265"]
[PlyCount "177"]
[EventDate "2019.01.18"]
[EventType "swiss"]
[EventCountry "BLR"]
[TimeControl "5400+30"]

1. e4 c6 2. d4 d5 3. e5 Bf5 4. h4 Qb6 5. Nc3 h5 6. Nge2 e6 7. Ng3 Bg6 8. Be2 Be7 9. Nxh5 Bxh5 10. Bxh5 g6 11. Be2 Rxh4 12. Rxh4 Bxh4 13. Qd3 Nd7 14. Bd2 Nxe5 15. dxe5 Qxf2+ 16. Kd1 Qxg2 17. Qf3 Qg1+ 18. Bf1 Ne7 19. Ne2 Qb6 20. b3 Qf2 21. Qxf2 Bxf2 22. Bg5 Kd7 23. Kd2 Rh8 24. Bg2 Rh2 25. Bh1 Nf5 26. Rf1 Bg3 27. Bf6 c5 28. Bf3 Bf4+ 29. Kd3 Bh6 30. Rh1 Rf2 31. Bg4 Ne3 32. Rxh6 Nxg4 33. Rh7 Kc6 34. Bg7 Rf5 35. Bh8 d4 36. c3 Nf2+ 37. Kd2 Ne4+ 38. Kd3 Ng5 39. Rh4 Rf3+ 40. Kd2 d3 41. Nc1 Rf1 42. Nxd3 Nf3+ 43. Ke2 Nxh4 44. Kxf1 Kd5 45. Ke2 c4 46. Nb2 cxb3 47. axb3 b5 48. Bf6 Nf5 49. b4 Ng3+ 50. Kd3 Nh5 51. Nd1 Nf4+ 52. Kd2 Ke4 53. Ne3 Nh5 54. Be7 Kxe5 55. Bc5 a6 56. c4 f5 57. Bb6 bxc4 58. Nxc4+ Kd5 59. Kc3 Ng3 60. Kd3 Ne4 61. Bd4 g5 62. Ne3+ Kc6 63. Bg7 Kb5 64. Bf8 Nf6 65. Be7 Ne4 66. Kd4 Nd2 67. Ng2 f4 68. Ne1 g4 69. Nd3 Nc4 70. Nxf4 e5+ 71. Ke4 exf4 72. Kxf4 Nb6 73. Kxg4 Nd5 74. Bf8 Nxb4 75. Kf3 a5 76. Ke2 Kc4 77. Kd2 Kb3 78. Bg7 Na2 79. Ba1 a4 80. Kd3 Nb4+ 81. Kd2 a3 82. Bh8 Nd5 83. Bd4 Ne7 84. Be5 Nf5 85. Bh8 Nd6 86. Ba1 Ka2 87. Bh8 Kb1 88. Kc3 a2 89. Kb3 1/2-1/2

[Event "XVII Orsha-2019 Open"]
[Site "Orsha"]
[Date "2019.01.18"]
[Round "2.12"]
[White "Cherepov, Alexej"]
[Black "Katkov, Mikhail"]
[Result "1-0"]
[WhiteElo "2226"]
[BlackElo "1916"]
[PlyCount "39"]
[EventDate "2019.01.18"]
[EventType "swiss"]
[EventCountry "BLR"]
[TimeControl "5400+30"]

1. d4 Nf6 2. c4 e6 3. g3 d5 4. Bg2 c6 5. Nf3 Bd6 6. O-O Nbd7 7. Nbd2 O-O 8. b3 e5 9. cxd5 Nxd5 10. Nc4 Bc7 11. Ncxe5 Nxe5 12. dxe5 h6 13. Bb2 Bf5 14. Qc1 Nb4 15. Qf4 Nc2 16. Qxf5 Nxa1 17. Bxa1 a5 18. e6 f6 19. Nh4 a4 20. Be4 1-0

[Event "XVII Orsha-2019 Open"]
[Site "Orsha"]
[Date "2019.01.18"]
[Round "2.13"]
[White "Zeliantsova, Kseniya"]
[Black "Shkalov, Oleg"]
[Result "1/2-1/2"]
[WhiteElo "1858"]
[BlackElo "2225"]
[PlyCount "55"]
[EventDate "2019.01.18"]
[EventType "swiss"]
[EventCountry "BLR"]
[TimeControl "5400+30"]

1. e4 c5 2. Nf3 Nc6 3. Bb5 g6 4. O-O Bg7 5. c3 e5 6. d3 Nge7 7. Be3 Qb6 8. Na3 O-O 9. b4 d6 10. Rb1 Be6 11. bxc5 dxc5 12. Nc4 Qc7 13. Bxc5 Bxc4 14. Bxc4 Na5 15. Bxe7 Qxe7 16. Bd5 Qa3 17. Qd2 Rac8 18. Rfc1 Rc7 19. c4 b6 20. Rc3 Qe7 21. Rbc1 Qc5 22. Qg5 Qd6 23. h4 h6 24. Qg4 h5 25. Qg5 Nb7 26. Qe3 Nc5 27. R1c2 Kh7 28. Ng5+ 1/2-1/2

[Event "XVII Orsha-2019 Open"]
[Site "Orsha"]
[Date "2019.01.18"]
[Round "2.14"]
[White "Siniauski, Artsiom"]
[Black "Poliakova, Varvara"]
[Result "1-0"]
[WhiteElo "2182"]
[BlackElo "1835"]
[PlyCount "99"]
[EventDate "2019.01.18"]
[EventType "swiss"]
[EventCountry "BLR"]
[TimeControl "5400+30"]

1. e4 e5 2. Nf3 Nc6 3. Bb5 a6 4. Ba4 Nf6 5. d3 b5 6. Bb3 Be7 7. O-O d6 8. c3 O-O 9. Re1 Na5 10. Bc2 c5 11. Nbd2 Qc7 12. Nf1 Ne8 13. Ng3 g6 14. d4 Ng7 15. b3 Nc6 16. Bb2 f6 17. h3 Nd8 18. a4 Bb7 19. Bd3 bxa4 20. Rxa4 Nde6 21. Bc4 Kh8 22. d5 Nf4 23. Bc1 Ngh5 24. Kh2 Rfb8 25. Be3 Bc8 26. Qd2 Qd7 27. Ng1 Nxg3 28. fxg3 Nh5 29. g4 Ng7 30. Bh6 Qc7 31. Rea1 a5 32. Qa2 Bd8 33. b4 cxb4 34. cxb4 Qa7 35. bxa5 Bd7 36. Ra3 g5 37. Bxg7+ Kxg7 38. Ne2 Rb4 39. Ng3 Qd4 40. Be2 Qc5 41. Rf1 Kf7 42. a6 Bb5 43. Bxb5 Qxb5 44. Qf2 Rb2 45. Qf5 Rxg2+ 46. Kxg2 Qb2+ 47. Rf2 Qxa3 48. Qd7+ Be7 49. Nf5 Re8 50. Qe6+ 1-0

[Event "XVII Orsha-2019 Open"]
[Site "Orsha"]
[Date "2019.01.18"]
[Round "2.15"]
[White "Prutskov, Aleksei"]
[Black "Galkin, Gleb"]
[Result "0-1"]
[WhiteElo "1824"]
[BlackElo "2156"]
[PlyCount "102"]
[EventDate "2019.01.18"]
[EventType "swiss"]
[EventCountry "BLR"]
[TimeControl "5400+30"]

1. d4 d5 2. Nf3 Nf6 3. c4 e6 4. Nc3 Be7 5. Bf4 O-O 6. e3 c5 7. Bd3 cxd4 8. exd4 dxc4 9. Bxc4 Nbd7 10. O-O Nb6 11. Bd3 Nbd5 12. Bg3 b6 13. Rc1 Bb7 14. Ne5 Rc8 15. Bb1 g6 16. Qd2 Nh5 17. f4 Nxg3 18. hxg3 Bf6 19. g4 Bg7 20. g5 Ne7 21. g4 Nc6 22. Rcd1 Nxe5 23. fxe5 Qd7 24. Qe3 Rfd8 25. Rf2 Rc4 26. Rfd2 Qc6 27. Ne4 Rc1 28. Bd3 Rxd1+ 29. Rxd1 Qa4 30. Be2 Bxe5 31. Nf6+ Bxf6 32. gxf6 Qc6 33. Bf1 Qh1+ 34. Kf2 Qh4+ 35. Qg3 Qxf6+ 36. Ke3 e5 37. dxe5 Qg5+ 38. Ke2 Ba6+ 39. Ke1 Rxd1+ 40. Kxd1 Bxf1 41. Qf3 Bc4 42. Qa8+ Kg7 43. Qxa7 Qxg4+ 44. Kd2 Qd4+ 45. Kc2 Qd3+ 46. Kc1 Qe3+ 47. Kc2 Bd3+ 48. Kc3 Bb1+ 49. Kb4 Qc5+ 50. Ka4 b5+ 51. Ka5 Qxa7+ 0-1

[Event "XVII Orsha-2019 Open"]
[Site "Orsha"]
[Date "2019.01.18"]
[Round "2.16"]
[White "Kuleba, Ivan"]
[Black "Vashchilov, Sergey"]
[Result "0-1"]
[WhiteElo "1617"]
[BlackElo "2134"]
[PlyCount "90"]
[EventDate "2019.01.18"]
[EventType "swiss"]
[EventCountry "BLR"]
[TimeControl "5400+30"]

1. c4 e6 2. Nf3 d5 3. e3 Nf6 4. Nc3 c6 5. b3 Nbd7 6. Bb2 Bd6 7. Qc2 O-O 8. Rg1 a6 9. g4 Nc5 10. d4 Ncd7 11. Bd3 g6 12. Ne2 Qe7 13. Ne5 Ne8 14. g5 Bb4+ 15. Bc3 Nxe5 16. dxe5 b5 17. Qd2 Bxc3 18. Qxc3 bxc4 19. bxc4 c5 20. f4 Bb7 21. Kf2 Ng7 22. Rg4 Rfd8 23. Rag1 Qd7 24. R1g3 dxc4 25. Bxc4 Be4 26. Rg1 Qb7 27. h4 Rd7 28. Rc1 Rad8 29. Rgg1 Nf5 30. Qb3 Qc6 31. Rgd1 Bg2 32. Ng1 Bh1 33. Bf1 Nxh4 34. Rxd7 Rxd7 35. Rd1 Bd5 36. Qa3 Kg7 37. Rc1 Bg2 38. Qxc5 Rd2+ 39. Be2 Qb7 40. Rd1 Rxd1 41. Bxd1 Bh1 42. Ke1 Qg2 43. Qe7 Qxg1+ 44. Kd2 Qxe3+ 45. Kc2 Qxf4 0-1

[Event "XVII Orsha-2019 Open"]
[Site "Orsha"]
[Date "2019.01.18"]
[Round "2.18"]
[White "Sukalina, Alina"]
[Black "Silich, Yahor"]
[Result "1/2-1/2"]
[WhiteElo "1546"]
[BlackElo "2116"]
[PlyCount "99"]
[EventDate "2019.01.18"]
[EventType "swiss"]
[EventCountry "BLR"]
[TimeControl "5400+30"]

1. d4 Nf6 2. c4 d6 3. Nf3 g6 4. Nc3 Bg7 5. e4 O-O 6. h3 e5 7. Be3 Nbd7 8. d5 Nc5 9. Bd3 Nxd3+ 10. Qxd3 a5 11. Qd2 Nh5 12. g4 Nf4 13. O-O-O a4 14. Rdg1 a3 15. b3 c6 16. h4 cxd5 17. Nxd5 b5 18. cxb5 Nxd5 19. Qxd5 Be6 20. Qd3 d5 21. Ng5 Qc8+ 22. Kb1 dxe4 23. Qe2 Bd5 24. Rc1 Qb7 25. Nh3 Rfd8 26. h5 f6 27. hxg6 hxg6 28. b6 Rac8 29. Rhd1 Qf7 30. Qb5 Rxc1+ 31. Rxc1 Bf8 32. Rc7 Qe6 33. Ng1 Bd6 34. Ra7 Bb8 35. Rxa3 Bc6 36. Qe2 Kg7 37. Ra5 Rd3 38. Rc5 Bb7 39. Rc1 Qd7 40. Qb2 Ba6 41. Ne2 Qxg4 42. Nc3 Rd4 43. Qa3 Bd3+ 44. Ka1 Qe6 45. b7 Rd8 46. Na4 Bd6 47. Bc5 Bb8 48. Be3 Bd6 49. Bc5 Bb8 50. Be3 1/2-1/2

[Event "XVII Orsha-2019 Open"]
[Site "Orsha"]
[Date "2019.01.18"]
[Round "2.19"]
[White "Budnikov, Sergei"]
[Black "Dolgopyatov, Andrey"]
[Result "1/2-1/2"]
[WhiteElo "2152"]
[BlackElo "1393"]
[PlyCount "60"]
[EventDate "2019.01.18"]
[EventType "swiss"]
[EventCountry "BLR"]
[TimeControl "5400+30"]

1. Nf3 d5 2. g3 Nf6 3. Bg2 c6 4. O-O Bg4 5. d3 e6 6. Nbd2 Bd6 7. b3 O-O 8. Bb2 c5 9. e4 dxe4 10. dxe4 Be7 11. h3 Bh5 12. Qe1 Nc6 13. g4 Bg6 14. Nh4 Bxe4 15. Bxe4 Nxe4 16. Nxe4 Bxh4 17. Nxc5 Qe7 18. Nd3 Rfd8 19. Qe4 Rac8 20. Rad1 Qc7 21. Nf4 Qb6 22. Rxd8+ Rxd8 23. Nh5 Rd2 24. Bxg7 Rxf2 25. Rxf2 Qxf2+ 26. Kh1 Be7 27. Bh6 Bd6 28. Bf4 Qf1+ 29. Kh2 Qf2+ 30. Kh1 Qf1+ 1/2-1/2

[Event "XVII Orsha-2019 Open"]
[Site "Orsha"]
[Date "2019.01.18"]
[Round "2.20"]
[White "Platnitski, Siarhei"]
[Black "Gabdrakipov, Ilshat"]
[Result "0-1"]
[WhiteElo "1383"]
[BlackElo "2098"]
[PlyCount "108"]
[EventDate "2019.01.18"]
[EventType "swiss"]
[EventCountry "BLR"]
[TimeControl "5400+30"]

1. c4 e6 2. g3 d5 3. Bg2 Nf6 4. Nf3 Bd6 5. O-O O-O 6. d3 b6 7. Nc3 Bb7 8. b3 Qe7 9. a3 Rd8 10. Qc2 Nbd7 11. Bb2 Rac8 12. Rfd1 dxc4 13. dxc4 Nc5 14. Ng5 Bxg2 15. Kxg2 h6 16. Nge4 Ncxe4 17. Nxe4 Nxe4 18. Qxe4 a5 19. a4 f5 20. Qf3 Rf8 21. e4 Rcd8 22. e5 Bc5 23. Rxd8 Rxd8 24. Rd1 g5 25. Rd3 Qe8 26. Qd1 Qc6+ 27. Kg1 Rxd3 28. Qxd3 Kf7 29. Qd8 Be7 30. Qd3 g4 31. Bc1 Kg6 32. Bf4 h5 33. Qe3 h4 34. gxh4 Bxh4 35. Bg3 Be7 36. Bf4 Qe4 37. Qxe4 fxe4 38. Kg2 Kf5 39. Bg3 Bc5 40. h4 gxh3+ 41. Kxh3 e3 42. fxe3 Bxe3 43. Be1 Kxe5 44. b4 axb4 45. Bxb4 Kd4 46. a5 bxa5 47. Bxa5 c5 48. Kg4 Kxc4 49. Kf3 Kd3 50. Bb6 e5 51. Ba7 e4+ 52. Kg4 c4 53. Bb8 c3 54. Be5 c2 0-1

[Event "XVII Orsha-2019 Open"]
[Site "Orsha"]
[Date "2019.01.18"]
[Round "2.21"]
[White "Parshin, Maxim"]
[Black "Poghosyan, Sarmen"]
[Result "1-0"]
[WhiteElo "1956"]
[BlackElo "1361"]
[PlyCount "43"]
[EventDate "2019.01.18"]
[EventType "swiss"]
[EventCountry "BLR"]
[TimeControl "5400+30"]

1. d4 d5 2. Nf3 Nf6 3. Bg5 e6 4. Nbd2 c5 5. e3 Nbd7 6. c3 Be7 7. Bd3 O-O 8. Ne5 Nxe5 9. dxe5 Nd7 10. Bf4 f5 11. h4 b6 12. g4 Bb7 13. gxf5 exf5 14. Qf3 Qc8 15. Qg3 Kh8 16. O-O-O Nb8 17. Rdg1 Rg8 18. Nf3 Nc6 19. Ng5 Nd8 20. Nxh7 c4 21. Qg6 Qe6 22. Nf6 1-0

[Event "XVII Orsha-2019 Open"]
[Site "Orsha"]
[Date "2019.01.18"]
[Round "2.22"]
[White "Nikolaev, Dmitry"]
[Black "Bogacheva, Anna"]
[Result "0-1"]
[WhiteElo "1634"]
[BlackElo "1955"]
[PlyCount "80"]
[EventDate "2019.01.18"]
[EventType "swiss"]
[EventCountry "BLR"]
[TimeControl "5400+30"]

1. d4 f5 2. Nf3 Nf6 3. c4 e6 4. Bf4 Bb4+ 5. Nc3 Bxc3+ 6. bxc3 Ne4 7. d5 d6 8. dxe6 Bxe6 9. e3 Qf6 10. Qd4 Nxc3 11. Qxf6 gxf6 12. Nd4 Kf7 13. Nxe6 Kxe6 14. c5 Nd7 15. cxd6 cxd6 16. Rc1 Rhc8 17. Rc2 Ne5 18. f3 Nd5 19. Kd2 Rxc2+ 20. Kxc2 Rc8+ 21. Kd2 Nxf4 22. exf4 Nc4+ 23. Kd3 d5 24. g4 fxg4 25. fxg4 Kd6 26. h4 Re8 27. Bg2 Kc5 28. Rh3 b5 29. g5 b4 30. f5 Ne5+ 31. Kd2 Kd4 32. Rg3 Nc4+ 33. Kd1 fxg5 34. hxg5 Re3 35. Rg4+ Kc3 36. Rxc4+ dxc4 37. f6 b3 38. axb3 cxb3 39. Bd5 Rd3+ 40. Kc1 b2+ 0-1

[Event "XVII Orsha-2019 Open"]
[Site "Orsha"]
[Date "2019.01.18"]
[Round "2.23"]
[White "Stashis, Anna"]
[Black "Viikmaa, Karmen"]
[Result "1/2-1/2"]
[WhiteElo "1931"]
[BlackElo "1706"]
[PlyCount "121"]
[EventDate "2019.01.18"]
[EventType "swiss"]
[EventCountry "BLR"]
[TimeControl "5400+30"]

1. e4 c5 2. c3 d5 3. exd5 Qxd5 4. Nf3 Nf6 5. d4 Nc6 6. Be3 Ng4 7. Be2 Nxe3 8. fxe3 g6 9. Nbd2 cxd4 10. exd4 Bh6 11. O-O O-O 12. c4 Qd8 13. d5 Nd4 14. Nxd4 Be3+ 15. Kh1 Bxd4 16. Qc2 Qd6 17. Bf3 Bf5 18. Be4 Bg4 19. Nb3 Be5 20. c5 Qc7 21. h3 Bd7 22. Rfd1 Rac8 23. Qf2 Ba4 24. Rac1 Bxb3 25. axb3 Bg3 26. Qe2 Bf4 27. Rc2 Qe5 28. b4 Qg5 29. Qf3 Bb8 30. Re2 Rfd8 31. Rf1 f5 32. Bc2 Qh4 33. d6 exd6 34. Bb3+ Kg7 35. Qc3+ Kh6 36. Be6 Rc7 37. Qd2+ Kg7 38. cxd6 Rc6 39. d7 Qg3 40. Qd4+ Kh6 41. Qe3+ Qxe3 42. Rxe3 Rd6 43. g4 f4 44. Re2 Rd3 45. Kg2 Rg3+ 46. Kf2 Bc7 47. Ke1 Bd6 48. Kd1 Kg5 49. Rc2 Re3 50. Re1 Rxe1+ 51. Kxe1 Bxb4+ 52. Kf2 Kf6 53. Rc8 Ba5 54. Rxd8 Bxd8 55. Bd5 Ke7 56. Bxb7 Kxd7 57. Kf3 Bc7 58. h4 Ke7 59. Bd5 h6 60. b3 Kf6 61. Bc4 1/2-1/2

[Event "XVII Orsha-2019 Open"]
[Site "Orsha"]
[Date "2019.01.18"]
[Round "2.24"]
[White "Tihonov, Jurij"]
[Black "Petrosyan, Sahak"]
[Result "1-0"]
[WhiteElo "2399"]
[BlackElo "1835"]
[PlyCount "57"]
[EventDate "2019.01.18"]
[EventType "swiss"]
[EventCountry "BLR"]
[TimeControl "5400+30"]

1. Nf3 d5 2. d4 e6 3. c4 Nf6 4. Nc3 Be7 5. Bf4 O-O 6. e3 b6 7. Qc2 c5 8. Rd1 Bb7 9. Be2 cxd4 10. Nxd4 Nbd7 11. cxd5 e5 12. Nc6 Bxc6 13. dxc6 exf4 14. exf4 Qc7 15. cxd7 Qxf4 16. O-O Qc7 17. Qa4 Rad8 18. Nd5 Nxd5 19. Rxd5 Bd6 20. Bb5 Bxh2+ 21. Kh1 Bd6 22. Qd4 Bc5 23. Qd2 Be7 24. Rc1 Qb7 25. Qd3 Bf6 26. Ba6 Qb8 27. g3 g6 28. Rc6 Bxb2 29. Rc8 1-0

[Event "XVII Orsha-2019 Open"]
[Site "Orsha"]
[Date "2019.01.18"]
[Round "2.25"]
[White "Egorenkov, Igor"]
[Black "Grigoryan, Aram"]
[Result "0-1"]
[WhiteElo "2213"]
[BlackElo "1786"]
[PlyCount "124"]
[EventDate "2019.01.18"]
[EventType "swiss"]
[EventCountry "BLR"]
[TimeControl "5400+30"]

1. d4 Nf6 2. Nf3 c5 3. d5 e6 4. c4 exd5 5. cxd5 d6 6. Nc3 g6 7. Nd2 Nbd7 8. e4 Bg7 9. Be2 O-O 10. O-O Re8 11. f3 a6 12. a4 Rb8 13. Nc4 Nb6 14. Ne3 Bd7 15. g4 h5 16. h3 Nc8 17. a5 Na7 18. Nc4 Bb5 19. Bf4 Bxc4 20. Bxc4 Qe7 21. Qe1 hxg4 22. hxg4 Nd7 23. Bg3 g5 24. Ra2 Ne5 25. Qe2 Ng6 26. Nd1 Be5 27. Bxe5 Qxe5 28. Ne3 Nf4 29. Qh2 Qd4 30. Ra3 Nc8 31. Rd1 Qf6 32. Nf5 Ne7 33. e5 dxe5 34. Ng3 Rbd8 35. Ne4 Qg6 36. d6 Kg7 37. Rd2 Nc6 38. d7 Rh8 39. Rd6 Rxh2 40. Rxg6+ Kxg6 41. Kxh2 Rxd7 42. Rb3 Nxa5 43. Rb6+ Kg7 44. Ba2 Nd5 45. Bxd5 Rxd5 46. Nxg5 Rd3 47. Ne4 Rb3 48. Rf6 Rxb2+ 49. Kh3 Nc4 50. g5 b6 51. Ng3 Ne3 52. Nh5+ Kg8 53. Rd6 c4 54. Rd7 c3 55. g6 Rd2 56. Rxf7 Rd6 57. Rc7 Rxg6 58. Rxc3 Nd5 59. Rc4 b5 60. Re4 Rh6 61. Rg4+ Kf8 62. Rh4 Rxh5 0-1

[Event "XVII Orsha-2019 Open"]
[Site "Orsha"]
[Date "2019.01.18"]
[Round "2.26"]
[White "Klachkou, Platon"]
[Black "Paniagua Chnelik, Sebastian"]
[Result "0-1"]
[WhiteElo "1771"]
[BlackElo "2188"]
[PlyCount "66"]
[EventDate "2019.01.18"]
[EventType "swiss"]
[EventCountry "BLR"]
[TimeControl "5400+30"]

1. d4 d5 2. c4 e6 3. Nc3 c6 4. Nf3 Nf6 5. Bg5 h6 6. Bh4 g5 7. Bg3 dxc4 8. a4 Bb4 9. e3 b5 10. axb5 cxb5 11. Nd2 Bd7 12. Qc2 Nd5 13. Be2 Bc6 14. h4 gxh4 15. Bxh4 Be7 16. Bxe7 Qxe7 17. Nxd5 exd5 18. Bf3 Bb7 19. Rh5 Nc6 20. Bxd5 Nb4 21. Qb1 Bxd5 22. Qf5 Qe6 23. Qxe6+ fxe6 24. Ke2 a6 25. e4 Bb7 26. Re5 Kd7 27. Rd1 Nd3 28. Nf3 Nxb2 29. d5 Nxd1 30. dxe6+ Kd6 31. Kxd1 Rae8 32. Rh5 Rxe6 33. e5+ Kc5 0-1